Oxford American handbook of critical care / (رقم التسجيلة. 27914)
[ عرض عادي ]
| 000 -الفاتح | |
|---|---|
| حقل البيانات ثابتة الطول | 01319cam a22003494a 4500 |
| 001 - رقم الضبط | |
| رقم الضبط | 84838566 |
| 003 - محدد رقم الضبط | |
| رقم الضبط | OCoLC |
| 005 - وقت وتاريخ اخر تعامل مع التسجيلة | |
| رقم الضبط | 20150408114118.0 |
| 008 - عناصر البيانات ثابتة الطول - معلومات عامة | |
| حقل البيانات ثابتة الطول | 070214s2008 enka bf 001 0 eng |
| 010 ## - رقم ضبط مكتبة الكونجرس | |
| رقم ضبط مكتبة الكونجرس | 2007006584 |
| 020 ## - الرقم الدولى المعيارى للكتب | |
| الرقم الدولى المعيارى للكتاب | 9780195305289 (alk. paper) |
| 020 ## - الرقم الدولى المعيارى للكتب | |
| الرقم الدولى المعيارى للكتاب | 0195305280 (alk. paper) |
| 035 ## - رقم ضبط النظام | |
| رقم ضبط النظام | (OCoLC)84838566 |
| 040 ## - مصدر الفهرسة | |
| وكالة الفهرسة الأصلية | Ma-Un |
| 042 ## - رمز التحقق | |
| رمز التحقق | pcc |
| 050 04 - رقم طلب مكتبة الكونجرس | |
| رقم التصنيف | RC86.7 |
| رقم المادة | .O946 2008 |
| 060 14 - رقم الطلب بالمكتبة الطبية الوطنية | |
| رقم التصنيف | WX 39 |
| رقم المادة | O98 2008 |
| 082 00 - رقم تصنيف ديوى العشرى | |
| رقم التصنيف | 616.028 |
| رقم الطبعة | 22 |
| 245 00 - بيان العنوان | |
| العنوان | Oxford American handbook of critical care / |
| بيان المسئوليه,etc | edited by John A. Kellum, Scott R. Gunn ; with Mervyn Singer, Andrew R. Webb. |
| 260 ## - PUBLICATION, DISTRIBUTION, ETC. (IMPRINT) | |
| مكان الناشر او الموزع | Oxford ; |
| -- | New York : |
| اسم الناشر او الموزع | Oxford University Press, |
| تاريخ النشر أو التوزيع | 2008. |
| 300 ## - الوصف المادى | |
| التعداد | xv, 595 p. : |
| تفاصيل ماديه اخرى للوعاء | ill. ; |
| أبعاد الوعاء | 19 cm. |
| 440 #0 - بيان السلسلة/مدخل إضافى-العنوان | |
| العنوان | Oxford American handbooks. |
| 9 (RLIN) | 21348 |
| 500 ## - تبصرة عامة | |
| تبصرة عامة | Adapted from: Oxford handbook of critical care / Mervyn Singer, Andrew R. Webb. 2nd ed. 2005. |
| 504 ## - تبصرة ببليوجرافية | |
| تبصرة ببليوجرافية,الخ | Includes bibliographical references and index. |
| 650 #0 - المدخل الاضافى بالموضوع-مصطلح موضوعى | |
| مصطلح موضوعي أو اسم جغرافي كعنصر مدخل | Critical care medicine |
| التقسيم الفرعي الشكلي | Handbooks, manuals, etc. |
| 9 (RLIN) | 4716 |
| 650 #2 - المدخل الاضافى بالموضوع-مصطلح موضوعى | |
| مصطلح موضوعي أو اسم جغرافي كعنصر مدخل | Critical Care |
| التقسيم الفرعي الشكلي | Handbooks. |
| 700 1# - المدخل الاضافى - اسم شخصى | |
| الإسم الشخصى | Kellum, John A. |
| 9 (RLIN) | 21349 |
| 700 1# - المدخل الاضافى - اسم شخصى | |
| الإسم الشخصى | Gunn, Scott R. |
| 9 (RLIN) | 21350 |
| 700 1# - المدخل الاضافى - اسم شخصى | |
| الإسم الشخصى | Singer, Mervyn. |
| عنوان العمل | Oxford handbook of critical care. |
| 9 (RLIN) | 21351 |
| 856 41 - الوصول و الموقع الالكترونى | |
| مواد محددة | Table of contents only |
| معرف المصدر الموحد | <a href="http://www.loc.gov/catdir/toc/ecip0711/2007006584.html">http://www.loc.gov/catdir/toc/ecip0711/2007006584.html</a> |
| 942 ## - عناصر المدخل الإضافي( كوها) | |
| مصدر التصنيف او مخطط الترفيف | Dewey Decimal Classification |
| Koha [default] item type | كتاب |
| حالة الفقد | نموذج السعر الفعال | حالة تلف | ليس للاعارة | رقم الطلب | رقم النسخة | تاريخ الاكتساب | الموقع الحالي | الباركود | الفرع الرئيسي | Date last checked out | Date last seen | نوع المادة فى نظام كوها | مصدر التصنيف او خطة الترفيف | Total Checkouts |
|---|---|---|---|---|---|---|---|---|---|---|---|---|---|---|
| 2013-03-10 | 616.028 OXA | n1 | 2013-02-11 | المكتبة المركزية بالمجمعة (CL) | 00450259 | المكتبة المركزية بالمجمعة (CL) | 2018-03-27 | 2018-04-12 | كتاب | Dewey Decimal Classification | 2 | |||
| 2013-03-10 | 616.028 OXA | n1 | 2013-02-11 | المكتبة المركزية بالمجمعة (CL) | 00450258 | المكتبة المركزية بالمجمعة (CL) | 2016-04-05 | 2016-05-10 | كتاب | Dewey Decimal Classification | 1 | |||
| 2013-03-10 | 616.028 OXA | n3 | 2013-02-11 | المكتبة المركزية بالمجمعة (CL) | 00450257 | المكتبة المركزية بالمجمعة (CL) | 2014-04-24 | 2014-06-05 | كتاب | Dewey Decimal Classification | 1 |
